000 00706nam a22001337a 4500
040 _cRUA
082 _aVEM SAL 2014 B460 Or.1
100 _aSAL, PHEAKDEY.
245 _aPrevalence of gastrointestinal parasite in chicken at angsnuol district, kandal province (ការសិក្សាពីកម្រិតរាលដាលរបស់បរាសិតនៅក្នុងក្រពះពោះវៀនមាន់នៅក្នុងស្រុកអង្កស្នួលខេត្តកណ្ដាល)
260 _aPhnom Penh
_bRUA
_c2014
300 _ax, 38p.
_bill.
_c29cm.
856 _uhttps://drive.google.com/file/d/1LkfzPrlmKNL2GVUZJuQs8MGiTQUPU62Y/view?usp=sharing
942 _cVEM
999 _c7495
_d7495